| 000 | 00649nam a2200229 u 4500 | ||
|---|---|---|---|
| 005 | 20240919063801.0 | ||
| 008 | 140401s2000 r 000 0 eng d | ||
| 020 | _a9706514007 | ||
| 035 | _aUPN01000196764 | ||
| 049 | _aCG | ||
| 050 | 4 |
_aHC135 _bZ3.3 |
|
| 100 | 1 |
_aZaid, Gabriel _929514 |
|
| 245 | 1 | 3 |
_aLa economía presidencial / _cGabriel Zaid. |
| 260 |
_aMéxico : _bOcéano de México, _c2000. |
||
| 300 |
_a211 p. : _btablas |
||
| 440 | 0 | _aCon una cierta mirada | |
| 651 | 4 |
_aMéxico _xPolítica económica _97138 |
|
| 651 | 4 |
_aMéxico _xCondiciones económicas _95661 |
|
| 905 | _aLibro | ||
| 999 |
_c168865 _d168865 |
||